000 00223nam a22000857a 4500
008 160804b xxu||||| |||| 00| 0 eng d
100 _927
_aWatt F
245 _aThe Usborne book of Art Ideas
260 _aNew Delhi
_bScholastic
_c2004
999 _c2678
_d2678